Biblioteca Virtual [Objecte] : descobreix la biblioteca que sempre és oberta : http: //bibliotecavirtual.diba.cat descobreix la biblioteca que sempre és oberta :
Descripción Física:
1 punt de llibre ; 6 x 23 cm
MARC
| LEADER | 00000nrm a2200000 a 4500 | ||
|---|---|---|---|
| 001 | 23399 | ||
| 008 | 160829s2011 xx 000 0 cat d | ||
| 080 | |a NBM-4-20 | ||
| 245 | |a Biblioteca Virtual [Objecte] : |b descobreix la biblioteca que sempre és oberta : |b http: |b //bibliotecavirtual.diba.cat | ||
| 260 | |a Barcelona : |b Diputació de Barcelona. Xarxa de Biblioteques Municipals, |c 2011 | ||
| 300 | |a 1 punt de llibre ; |c 6 x 23 cm | ||
| 650 | 0 | |a Biblioteques públiques |x Barcelona (Catalunya : Província) |9 49209 | |
| 655 | 0 | |a Punts de llibre |9 52700 | |
| 710 | 1 | |a Barcelona (Catalunya : Província). |b Xarxa de Biblioteques Municipals |9 52650 | |
| 901 | |a Arxiu | ||
| 942 | |n 1 |2 udc | ||
| 952 | |0 0 |1 0 |4 0 |6 NBM420 |7 1 |9 54848 |a Arxiu |b Arxiu |d 2012-03-05 |l 0 |o NBM-4-20 |p 23399 |r 2016-12-01 00:00:00 |w 2016-12-01 |y ARXIU | ||
| 999 | |c 58718 |d 58718 | ||